00858nam a2200265 a 4500001000800000005001700008008004100025020001500066041000800081044000700089050001900096100001800115245012900133260002500262300004200287440005000329500002100379504002800400650002400428650001900452650001800471650003200489700003300521700003800554BRCA_6420190320202853.0940521s1993 mx-a---##b---#000-0#spa-# a968362944X aspa amx 4aAM7b.Z38 19931 aZavala, Lauro10aPosibilidades y límites de la comunicación museográficacLauro Zavala, Ma. de la Paz Silva, J. Francisco Villaseñor. aMéxicobUNAMc1993 a155 p.bil. (algunas a color)c29 cm. 0aEl discurso museográfico contemporáneov1 aIncluye glosario aBibliografía : p. 15114aMuseosxFilosofía14aComunicación14aMuseografía14aMuseosxAspectos educativos1 aPaz Silva, Ma. de laecoaut.1 aVilaseñor, J. Franciscoecoaut.